000 00889nam a2200193Ii 4500
003 JO-AjNU
008 230605s9999||||xx |||||||||||||| ||und||
040 _aJO-AjNU
_bara
_erda
_cJO-AjNU
041 _aara
050 1 4 _aLA1444.P19.J336.2002
100 3 _aالجعفري،محمود مؤلف/العارضة،ناصر م.مشارك/عبد الرازق،شيرين مترجم/عبدالله،لينا منسق,
_eauthor
_920768
245 0 0 _aتمويل التعليم الجامعي الفلسطيني وسبل تعزيزه
264 3 1 _aالقدس:معهد أبحاث السياسات الإقتصادية الفلسطيني(ماس)،2002
300 _a139ص
_bملحق:ص(129-139)
336 _atext
_btxt
_2rdacontent
337 _aunmediated
_bn
_2rdamedia
338 _avolume
_bnc
_2rdacarrier
650 4 _aالتعليم العالي-فلسطين-جوانب اقتصادية
_920769
999 _aA7100
_c10668
_d10668